<?xml version="1.0" encoding="UTF-8"?><?xml-stylesheet type="text/xsl" href="static/style.xsl"?><OAI-PMH xmlns="http://www.openarchives.org/OAI/2.0/" xmlns:xsi="http://www.w3.org/2001/XMLSchema-instance" xsi:schemaLocation="http://www.openarchives.org/OAI/2.0/ http://www.openarchives.org/OAI/2.0/OAI-PMH.xsd"><responseDate>2026-06-03T14:39:27Z</responseDate><request verb="GetRecord" identifier="oai:riuma.uma.es:10630/45795" metadataPrefix="marc">https://riuma.uma.es/rest/oai/request</request><GetRecord><record><header><identifier>oai:riuma.uma.es:10630/45795</identifier><datestamp>2026-02-28T00:46:16Z</datestamp><setSpec>com_10630_2254</setSpec><setSpec>col_10630_37959</setSpec></header><metadata><record xmlns="http://www.loc.gov/MARC21/slim" xmlns:dcterms="http://purl.org/dc/terms/" xmlns:doc="http://www.lyncode.com/xoai" xmlns:xsi="http://www.w3.org/2001/XMLSchema-instance" xsi:schemaLocation="http://www.loc.gov/MARC21/slim http://www.loc.gov/standards/marcxml/schema/MARC21slim.xsd">
   <leader>00925njm 22002777a 4500</leader>
   <datafield ind2=" " ind1=" " tag="042">
      <subfield code="a">dc</subfield>
   </datafield>
   <datafield ind2=" " ind1=" " tag="720">
      <subfield code="a">Villagrán-Arroyal, Inmaculada Lucía</subfield>
      <subfield code="e">author</subfield>
   </datafield>
   <datafield ind2=" " ind1=" " tag="260">
      <subfield code="c">2025-01-30</subfield>
   </datafield>
   <datafield ind2=" " ind1=" " tag="520">
      <subfield code="a">La representación simplificada y esquematizada de las formas y figuras tomadas del natural es una
constante que reconocemos como legendaria, una práctica gráfica muy común desde tiempos inmemoriales
cuya metodología siempre se ha aplicado con la finalidad de conseguir un correcto entendimiento de los
elementos representados trasladando un mensaje gráfico donde se prioriza el significado de la forma antes
que el detalle. En esta comunicación mostramos paso a paso cómo este procedimiento de simplificación de
formas lo podemos recoger haciendo uso de diferentes herramientas gráficas digitales, principalmente
vectoriales, reduciendo progresivamente el número de datos hasta llegar a la síntesis total de las formas
manteniendo la composición y facilitando la comunicación sin perder el mensaje original. Se trata de un
trabajo de investigación que nace de los resultados obtenidos de los proyectos de síntesis realizados por
estudiantes de la asignatura Procesos del Dibujo para el Diseño de la Facultad de Bellas Artes de la
Universidad de Málaga para los cuales, este proceso de reducción de detalles y elementos resultaba tedioso
y difícil de procesar. Con esta metodología, la gráfica vectorial y otros sistemas gráficos digitales trabajan
la imagen analizando sus contornos, líneas, siluetas o sombras hasta su máxima reducción en formas
básicas correctamente tratadas, ofreciéndonos una nueva visión de la imagen reducida al máximo en sus
formas, pero manteniendo en todo momento la idea principal.</subfield>
   </datafield>
   <datafield ind1="8" ind2=" " tag="024">
      <subfield code="a">9788415901631</subfield>
   </datafield>
   <datafield ind1="8" ind2=" " tag="024">
      <subfield code="a">https://hdl.handle.net/10630/45795</subfield>
   </datafield>
   <datafield tag="653" ind2=" " ind1=" ">
      <subfield code="a">Dibujo</subfield>
   </datafield>
   <datafield ind2="0" ind1="0" tag="245">
      <subfield code="a">Del detalle a la síntesis de la forma mediante la gráfica vectorial.</subfield>
   </datafield>
</record>
</metadata></record></GetRecord></OAI-PMH>